A systematic review of juries' assessment of rape victims: do rape myths impact on juror decision-making?

Gespeichert in:  
Bibliographische Detailangaben
Beteiligte: Dinos, Sokratis (BeteiligteR)
Medienart: Druck Aufsatz
Sprache:Englisch
Veröffentlicht: 2015
In: International journal of law, crime and justice
Jahr: 2015, Band: 43, Heft: 1, Seiten: 36-49
Verfügbarkeit prüfen: HBZ Gateway
Schlagwörter:

MARC

LEADER 00000caa a22000002c 4500
001 163067415X
003 DE-627
005 20220607122636.0
007 tu
008 150706s2015 xx ||||| 00| ||eng c
035 |a (DE-627)163067415X 
035 |a (DE-576)43493626X 
035 |a (DE-599)BSZ43493626X 
040 |a DE-627  |b ger  |c DE-627  |e rakwb 
041 |a eng 
245 0 0 |a A systematic review of juries' assessment of rape victims  |b do rape myths impact on juror decision-making?  |c Sokratis Dinos ... 
264 1 |c 2015 
336 |a Text  |b txt  |2 rdacontent 
337 |a ohne Hilfsmittel zu benutzen  |b n  |2 rdamedia 
338 |a Band  |b nc  |2 rdacarrier 
700 1 |a Dinos, Sokratis  |4 oth 
773 0 8 |i In  |t International journal of law, crime and justice  |d Amsterdam [u.a.] : Elsevier, 2008  |g 43(2015), 1, Seite 36-49  |w (DE-627)563411287  |w (DE-600)2423484-9  |w (DE-576)279570007  |7 nnas 
773 1 8 |g volume:43  |g year:2015  |g number:1  |g pages:36-49 
951 |a AR 
ELC |b 1 
LOK |0 000 xxxxxcx a22 zn 4500 
LOK |0 001 3280434459 
LOK |0 003 DE-627 
LOK |0 004 163067415X 
LOK |0 005 20150706155557 
LOK |0 008 150706||||||||||||||||ger||||||| 
LOK |0 040   |a DE-21-110  |c DE-627  |d DE-21-110 
LOK |0 689   |a s  |a Systematic review 
LOK |0 689   |a s  |a Rape myths 
LOK |0 689   |a s  |a Juror 
LOK |0 689   |a s  |a Juror decision-making 
LOK |0 852   |z Kein Bestand am IfK; Nachweis für KrimDok 
LOK |0 852   |a DE-21-110 
LOK |0 852 1  |m v  |9 00 
LOK |0 938   |k v 
LOK |0 939   |a 06-07-15  |b l01 
ORI |a SA-MARC-krimdoka001.raw